| 000 | 00920nam a22003370a 4500 | ||
|---|---|---|---|
| 001 | PT47018 | ||
| 003 | AR-LpoUNG | ||
| 005 | 20210131231149.0 | ||
| 008 | 191001s2011||||xxu|||||||||||||||||eng d | ||
| 020 |
_a9780521739917 _c$63 |
||
| 040 |
_aAR-LpoUNG _bspa _cAR-LpoUNG _eaacr |
||
| 041 | _aeng | ||
| 044 | _axxu | ||
| 082 | 0 | _a428 571cou | |
| 100 | 1 | _aTilbury, Alex | |
| 245 | 1 | 0 |
_aEnglish unlimited : _bupper intermediate : coursebook with e-portfolio |
| 250 | _a1§ ed. | ||
| 260 |
_aCambridge : _bCambridge University, _c2011. |
||
| 300 |
_a128 p. : _bil., gráfs., fot. + Cd-Rom |
||
| 650 | 4 | _aAPRENDIZAJE | |
| 650 | 4 | _aENSEÑANZA DE IDIOMAS | |
| 650 | 4 | _aGRAMATICA | |
| 650 | 4 | _aLENGUA INGLESA | |
| 651 | 4 | _aDOCUMENTOS TEORICOS O METODOLOGICOS | |
| 653 | _aINGLES | ||
| 700 | 1 | _aClementson, Theresa | |
| 700 | 1 | _aHendra, Leslie Anne | |
| 700 | 1 | _aRea, David | |
| 905 | _a47018 | ||
| 942 | _cLIB | ||
| 999 |
_c8394 _d8394 |
||